| 000 | 00658cab a2200229 4500 | ||
|---|---|---|---|
| 001 | ABS49441 | ||
| 008 | 090401t1993 xxu||||| |||| 00| 0 eng d | ||
| 035 | _a(Sirsi) u71264 | ||
| 041 | _aeng | ||
| 100 | _aO`Sullivan, M. | ||
| 245 | _aBusiness nomads of the nineties | ||
| 260 | _c1993 | ||
| 350 | _a0 | ||
| 490 |
_aCertified Accountant _v85(10) October 1993, 38-39(2) |
||
| 520 | _aLooks at the growth of business centres in Central London and explains their popularity. | ||
| 650 | _aBUSINESS CENTRES | ||
| 650 | _aCENTRAL LONDON | ||
| 650 | _aSERVICED OFFICES | ||
| 690 | _aPROPERTY-COMMERCIAL PROPERTY | ||
| 942 | _n0 | ||
| 948 | _c04/03/1997 | ||
| 999 |
_c44903 _d44903 |
||